Vznik nového státu a jeho uznání v mezinárodním právu
Vznik štátnosti v teórii medzinárodného práva. Problematika de facto režimov. Zvláštny prípad Kosova. Zriadenie medzinárodnej správy Kosova Radou bezpečnosti OSN.
Na minha lista:
| Autor principal: | |
|---|---|
| Formato: | Capítulo de Livro |
| Idioma: | tcheco |
| Assuntos: | |
| Tags: |
Sem tags, seja o primeiro a adicionar uma tag!
|
MARC
| LEADER | 00000naa$a2200000$$$4500 | ||
|---|---|---|---|
| 001 | 0074979 | ||
| 005 | 20231016093354.7 | ||
| 041 | 0 | |a cze | |
| 044 | |a CZ | ||
| 245 | 1 | 0 | |a Vznik nového státu a jeho uznání v mezinárodním právu |c Harald Christian Scheu |
| 520 | |a Vznik štátnosti v teórii medzinárodného práva. Problematika de facto režimov. Zvláštny prípad Kosova. Zriadenie medzinárodnej správy Kosova Radou bezpečnosti OSN. | ||
| 610 | 2 | 0 | |a právo medzinárodné |
| 610 | 2 | 0 | |a štát |
| 610 | 2 | 0 | |a vláda |
| 610 | 2 | 0 | |a nezávislosť |
| 610 | 2 | 0 | |a stabilita politická |
| 610 | 2 | 0 | |a politika medzinárodná |
| 100 | 1 | |a Scheu, Harald Christian | |